000 00372nam a2200157Ia 4500
003 Ost
005 20260225132541.0
008 260225s9999||||xx |||||||||||||| ||und||
040 _cfsic
041 _afre
082 _a332.1
100 _aW.rontgonez.watt
_eAuteur
245 0 _aFinance islamique et pouvoir politique /
245 0 _cW.rontgonez.watt
942 _cكتاب
999 _c33495
_d33495